U.S. States with Alligators - Statistics

General Stats
  • This quiz has been taken 61,129 times
  • The average score is 9 of 10
Answer Stats
State % Correct
Florida
99%
Texas
95%
Alabama
93%
Georgia
93%
South Carolina
91%
Louisiana
90%
Mississippi
90%
North Carolina
89%
Arkansas
77%
Oklahoma
61%
No matching quizzes found
Score Distribution
Percent of People with Each Score
Percentile by Number Answered
Your Score History
You have not taken this quiz